00579nam a2200133Ia 4500008004100000020001800041100002000059245008400079260002200163440001900185650001400204650018600218856004100404171212s9999 xx 000 0 und d a9781760460884 aSpark, Ceridwen cSpark, Ceridweneditor Macintyre, MarthaaTransformations of Gender in Melanesia bANU E Pressc2017 aPacific Series aSociology aWomen -- Melanesia -- Social conditions; Women -- Melanesia -- Economic conditions; Women’s rights -- Melanesia; Social change -- Melanesia; Culture and globalization -- Melanesia uhttp://jstor.org/stable/j.ctt1q1crwn